ความรู้เบื้องต้นเกี่ยวกับกฎหมายประกอบรัฐธรรมนูญ ว่าด้วยพรรคการเมือง คณะกรรมการการเลือกตั้ง การเลือกสมาชิกสภาผู้แทนราษฎรและสมาชิกวุฒิสภา พ.ศ.2541 (ระเบียนเลขที่ 16787)
| 000 -LEADER | |
|---|---|
| fixed length control field | 02107nam a22003017a 4500 |
| 005 - DATE AND TIME OF LATEST TRANSACTION | |
| control field | 20251125232848.0 |
| 008 - FIXED-LENGTH DATA ELEMENTS--GENERAL INFORMATION | |
| fixed length control field | s2542 th tha d |
| 020 ## - INTERNATIONAL STANDARD BOOK NUMBER | |
| International Standard Book Number | 9747717492 |
| 040 ## - CATALOGING SOURCE | |
| Original cataloging agency | NALT |
| 041 ## - LANGUAGE CODE | |
| Language code of text/sound track or separate title | tha |
| 090 ## - LOCALLY ASSIGNED LC-TYPE CALL NUMBER (OCLC); LOCAL CALL NUMBER (RLIN) | |
| Classification number (OCLC) (R) ; Classification number, CALL (RLIN) (NR) | KD101 |
| Local cutter number (OCLC) ; Book number/undivided call number, CALL (RLIN) | ม453ค 2542 |
| 100 0# - MAIN ENTRY--PERSONAL NAME | |
| Personal name | มานิตย์ จุมปา |
| 245 10 - TITLE STATEMENT | |
| Title | ความรู้เบื้องต้นเกี่ยวกับกฎหมายประกอบรัฐธรรมนูญ ว่าด้วยพรรคการเมือง คณะกรรมการการเลือกตั้ง การเลือกสมาชิกสภาผู้แทนราษฎรและสมาชิกวุฒิสภา พ.ศ.2541 |
| 260 3# - PUBLICATION, DISTRIBUTION, ETC. | |
| Place of publication, distribution, etc. | กรุงเทพฯ : |
| Name of publisher, distributor, etc. | นิติธรรม, |
| Date of publication, distribution, etc. | 2542 |
| 300 ## - PHYSICAL DESCRIPTION | |
| Extent | 350 หน้า : |
| Other physical details | ตาราง ; |
| Dimensions | 26 ซม. |
| 650 04 - SUBJECT ADDED ENTRY--TOPICAL TERM | |
| Topical term or geographic name entry element | กฎหมายประกอบรัฐธรรมนูญ -- การเลือกตั้ง -- 2541 |
| 650 04 - SUBJECT ADDED ENTRY--TOPICAL TERM | |
| Topical term or geographic name entry element | กฎหมายประกอบรัฐธรรมนูญ -- พรรคการเมือง |
| 650 04 - SUBJECT ADDED ENTRY--TOPICAL TERM | |
| Topical term or geographic name entry element | กฎหมายประกอบรัฐธรรมนูญ -- 2541 |
| 650 04 - SUBJECT ADDED ENTRY--TOPICAL TERM | |
| Topical term or geographic name entry element | สมาชิกสภาวุฒิสภา -- การเลือกตั้ง -- 2541 |
| 650 04 - SUBJECT ADDED ENTRY--TOPICAL TERM | |
| Topical term or geographic name entry element | การเลือกตั้งสมาชิกสภาผู้แทนราษฎร (พ.ร.บ.) -- 2541 |
| 650 04 - SUBJECT ADDED ENTRY--TOPICAL TERM | |
| Topical term or geographic name entry element | คณะกรรมการการเลือกตั้ง -- กฎหมายและระเบียบข้อบังคับ -- 2541 |
| 650 04 - SUBJECT ADDED ENTRY--TOPICAL TERM | |
| Topical term or geographic name entry element | สมาชิกสภาผู้แทนราษฎร -- การเลือกตั้ง -- 2541 |
| 650 04 - SUBJECT ADDED ENTRY--TOPICAL TERM | |
| Topical term or geographic name entry element | กฎหมายประกอบรัฐธรรมนูญ -- คณะกรรมการการเลือกตั้ง |
| 850 ## - HOLDING INSTITUTION | |
| Holding institution | NALT |
| 856 40 - ELECTRONIC LOCATION AND ACCESS | |
| Uniform Resource Identifier | <a href="https://hdl.handle.net/20.500.14156/455421">https://hdl.handle.net/20.500.14156/455421</a> |
| -- | 1 |
| 942 ## - ADDED ENTRY ELEMENTS (KOHA) | |
| Koha item type | Law Book |
| Source of classification or shelving scheme | Library of Congress Classification |
| Koha issues (borrowed), all copies | 2 |
| 998 ## - LOCAL CONTROL INFORMATION (RLIN) | |
| -- | 8 |
| -- | นายบัณฑิต อุทาวงค์ |
| Withdrawn status | Lost status | Damaged status | Not for loan | Collection code | Home library | Current library | Date acquired | Cost, normal purchase price | Total Checkouts | Total Renewals | Full call number | Barcode | Date last seen | Date last checked out | Cost, replacement price | Price effective from | Koha item type |
|---|---|---|---|---|---|---|---|---|---|---|---|---|---|---|---|---|---|
| Law Book collection | National Assembly Library of Thailand | National Assembly Library of Thailand | 18/04/2022 | 320.00 | 2 | 1 | KD 101 ม453ค 2542 | 3961131673 | 23/12/2024 | 16/12/2024 | 370.00 | 09/06/2017 | Law Book |
